000 00202 a2200097 4500
001 52509
100 _aSheldon, S
245 _aRage of Angels
260 _aLondon
_bPan Books
_c
090 _c32996
_d32996
942 _aNUST-CAE
_cM
_c25553
999 _c287582
_d287582